| 000 | 00582nam a22002052 4500 | ||
|---|---|---|---|
| 001 | 0000005410 | ||
| 005 | 20151217145825.0 | ||
| 008 | 070613s xx 000 0 eng d | ||
| 020 |
_a8189741047 : _cKES 3,750 |
||
| 040 |
_aKABU _cKABU |
||
| 050 | 0 |
_aZA4080 _b.R35 |
|
| 100 | 1 |
_aRajagopalan, A. _@0000156727 |
|
| 245 | 1 | 0 |
_aLibraries of the digital age : _bissues and challenges. |
| 260 |
_aNew Delhi : _bSBS, _c2006. |
||
| 300 | _aix, 330 p. | ||
| 650 | 0 |
_aDigital libraries. _@0000156726 |
|
| 908 | _a070613 | ||
| 950 | _@1 | ||
| 999 |
_c2954 _d2954 |
||